000 01828nam a2200229Ia 4500
003 Ost
005 20260507075008.0
008 260507s9999||||xx |||||||||||||| ||und||
020 _a9773282112
040 _cfsecg
041 _aara
082 _a382
100 _aالمنزلاوي، صالح
_eمؤلف
245 0 _aالقانون الواجب التطبيق على عقود التجارة الالكترونية /
_c صالح المنزلاوي
260 _aالاسكندرية:
_bدار الجامعة الجديدة للنشر,
_c2088
300 _a501 صفحة؛
_c24 سم
520 _aالباب الاول : ماهي عقود التجارة الالكترونية تعريف عقود التجارة الالكترونية، خصائص عقود التجارة الالكترونية، عقود التجارة الالكترونية ومنهج القواعد المادية الدولية، صعوبات تطبيق النطاق الموضوعي لاتفاقية الامم المتحدة على عقود التجارة الالكترونية، صعوبات تطبيق النطاق الدولي والشخصي لاتفاقة الامم المتحدة للبيع على عقود التجارة الالكترونية الباب الثاني: القواعد المادية للتجارة الالكترونية المصادر القانونية للقواعد المادية للتجارة الالكنرونية ، تقييم القواعد للتجارة الالكترونية القسم الثاني : عقود التجارة الالكترونية ومنهج قاعدة التنازع الدولي للقوانين .
653 _aالتجارة -تكنولوجيا المعلومات
653 _aالتجارة الخارجية
653 _aالقانون التجاري
942 _cكتاب
999 _c42136
_d42136